000 01131nam a2200289Ia 4500
003 OSt
005 20221005110040.0
006 a|||||r|||| 00| 0
007 ta
008 GUJ
020 _a8126018313 (hbk)
_c600
024 _a92438
037 _b536, 19/03/2009, Vani Prakashan
_cTextual
040 _aCRL
_cCRL
_bGUJ
041 _2GUJ
_aGUJ
082 _aO156,3N495,DV, 152P3
100 _aअंताणी, विनेश
245 0 _aधुंधभरी वादी
246 _aDhuandhabharī vādī
260 _aनई दिल्ली
_bसाहित्य अकादेमी भारत
_c2003
300 _a204पृ0
_ccm.
490 _aसाहित्य अकादेमी से पुस्कृत गुजराती उपन्यास
650 _aगुजराती साहित्य
700 _a माली, कुन्दन, अनु.
942 _hO156,3N495,DV, 152P3
_cTEXL
_2cc
999 _c1017623
_d1017623